Statistieken voor Figure out the song - Taylor Swift #6

Klik hier om de quiz te nemen!

Algemene statistieken

  • Deze quiz is 572 keer genomen
  • De gemiddelde score is 324 van 438

Antwoordstatistieken

Antwoord% Correct
I
99%
a
97%
You
97%
you
97%
the
96%
The
96%
an
93%
we
92%
We
92%
me
91%
And
90%
and
90%
be
88%
your
88%
In
87%
in
87%
my
87%
Of
87%
of
87%
on
87%
On
87%
to
86%
It
85%
When
84%
is
82%
this
80%
was
80%
were
80%
they
79%
I'm
77%
time
77%
with
77%
all
75%
are
75%
for
75%
like
75%
But
74%
had
74%
how
74%
How
74%
live
74%
that
74%
That
74%
Long
73%
long
73%
said
73%
just
72%
life
72%
not
72%
our
72%
If
71%
if
71%
us
71%
have
70%
One
70%
remember
70%
will
70%
Will
70%
back
69%
moment?
69%
moment
69%
them
69%
by
68%
made
68%
Would
68%
day
67%
mind
67%
there
67%
went
67%
never
65%
up
65%
name
64%
night
64%
screaming
63%
Screaming
63%
shine
63%
Tell
63%
tell
63%
through
63%
wild
63%
crowds
62%
end
62%
look
62%
off
62%
dragons
61%
knew
61%
now
61%
should
61%
stand
61%
walls
61%
crashed
60%
fighting
60%
got
60%
hands
60%
kingdom
60%
kings
60%
lights
60%
queens
60%
face
59%
start
59%
'Cause
58%
head
58%
magic
58%
Please
58%
pretenders
58%
read
58%
same
58%
age
57%
bring
57%
held
57%
remembered
57%
book
56%
decade
56%
hope
56%
names
56%
page
56%
pictures
56%
shaking
56%
shined
56%
you'll
56%
hero
55%
history
55%
stood
55%
take
55%
world
55%
afraid
54%
forever
54%
children
53%
crown
53%
feeling
53%
lives
53%
memories
53%
point
53%
Promise
53%
absurd
52%
Hold
52%
mountains
52%
moved
52%
rule
52%
someday
52%
town
52%
around
51%
cap
51%
right
51%
stands
51%
baseball
50%
fall
50%
gave
50%
God
50%
jeans
50%
ground
49%
ripped
49%
These
49%
Confetti
48%
forbid
48%
outraged
48%
traded
48%
band
47%
falls
47%
goodbye
47%
into
47%
step
47%
trophies
47%
fate
46%
force
46%
passed
46%
spinning
46%
break
45%
danced
45%
Wishing
45%
May
44%
thieves
44%
cynics
42%
sidelines
42%
years
38%
Singing
36%

Scoreverdeling

Percentiel versus Aantal Correcte Antwoorden

Procent van Mensen met Elke Score

Uw Scoregeschiedenis

U heeft deze quiz nog niet genomen